[Event "RSA-chT U10"]
[Site "Cape Town"]
[Date "2016.01.06"]
[Round "6.7"]
[White "Bruintjies, Hailey Carla"]
[Black "De Beer, Jhanco"]
[Result "1-0"]
[WhiteElo "840"]
[BlackElo "783"]
[PlyCount "43"]
[EventDate "2016.01.04"]
[EventType "team-tourn"]
[EventRounds "7"]
[EventCountry "RSA"]
[SourceTitle "CBM 170 Extra"]
[Source "ChessBase"]
[SourceDate "2016.02.25"]
[SourceVersion "1"]
[SourceVersionDate "2016.02.25"]
[SourceQuality "1"]
[WhiteTeam "Nelson Mandela Bay"]
[BlackTeam "Kenneth Kaunda"]
[WhiteTeamCountry "RSA"]
[BlackTeamCountry "RSA"]

1. e4 e5 2. Nf3 Nc6 3. Bc4 Bc5 4. d3 Nf6 5. Nc3 d6 6. 0-0 h6 7. Nd5 Nxd5 8. exd5 Nd4 9. c3 Nxf3+ 10. Qxf3 0-0 11. Qg3 Qe7 12. Bxh6 f6 13. d4 exd4 14. Rae1 Qd7 15. cxd4 Bxd4 16. Re2 f5 17. Rfe1 Rf7 18. Re8+ Kh7 19. Bf4 g6 20. Qh3+ Kg7 21. Qh6+ Kf6 22. Bg5# 1-0